Gestión de inventarios : (Registro nro. 11476)
[ vista simple ]
| 000 -LEADER | |
|---|---|
| fixed length control field | 01092nam a2200241Ia 4500 |
| 003 - CONTROL NUMBER IDENTIFIER | |
| control field | OSt |
| 005 - DATE AND TIME OF LATEST TRANSACTION | |
| control field | 20210415161150.0 |
| 008 - FIXED-LENGTH DATA ELEMENTS--GENERAL INFORMATION | |
| fixed length control field | 210310s2012 ck ad 000 0 spa d |
| 020 ## - INTERNATIONAL STANDARD BOOK NUMBER | |
| International Standard Book Number | 9789587620610 |
| 040 ## - CATALOGING SOURCE | |
| Original cataloging agency | CO-JMCR |
| Transcribing agency | CO-JMCR |
| 041 0# - LANGUAGE CODE | |
| Language code of text/sound track or separate title | spa |
| 082 04 - DEWEY DECIMAL CLASSIFICATION NUMBER | |
| Classification number | 658.787 / |
| Item number | S817g |
| Edition number | 23 |
| 100 1# - MAIN ENTRY--PERSONAL NAME | |
| Personal name | Suarez Cervera, María Luisa, |
| Relator term | autora |
| 9 (RLIN) | 25628 |
| 245 10 - TITLE STATEMENT | |
| Title | Gestión de inventarios : |
| Remainder of title | una nueva formula de calcular la competitividad / |
| Statement of responsibility, etc. | María Luisa Suarez Cervera, |
| 260 ## - PUBLICATION, DISTRIBUTION, ETC. | |
| Place of publication, distribution, etc. | Bogotá : |
| Name of publisher, distributor, etc. | Ediciones de la U, |
| Date of publication, distribution, etc. | 2012. |
| 300 ## - PHYSICAL DESCRIPTION | |
| Extent | 182 páginas : |
| Other physical details | ilustraciones en blanco y negro ; |
| Dimensions | 24 cm. |
| 505 0# - FORMATTED CONTENTS NOTE | |
| Formatted contents note | Los materiales. -- La gestión de stocks. -- Principales sistemas de gestión de stocks. -- Gestión de stocks. -- Gestión de almacenes. |
| 520 0# - SUMMARY, ETC. | |
| Summary, etc. | El texto presenta las distintas formas de administrar el inventario en una empresa, y la importancia que una buena gestión tiene para el funcionamiento de la misma. |
| 650 14 - SUBJECT ADDED ENTRY--TOPICAL TERM | |
| Topical term or geographic name entry element | Vender que vendan. |
| 9 (RLIN) | 36890 |
| 650 24 - SUBJECT ADDED ENTRY--TOPICAL TERM | |
| Topical term or geographic name entry element | Por qué compra la gente |
| 9 (RLIN) | 36891 |
| 650 24 - SUBJECT ADDED ENTRY--TOPICAL TERM | |
| Topical term or geographic name entry element | Comprometerse en las ventas |
| 9 (RLIN) | 36892 |
| 942 ## - ADDED ENTRY ELEMENTS (KOHA) | |
| Source of classification or shelving scheme | Dewey Decimal Classification |
| Koha item type | Books |
| Withdrawn status | Lost status | Source of classification or shelving scheme | Damaged status | Not for loan | Home library | Current library | Shelving location | Date acquired | Source of acquisition | Total Checkouts | Full call number | Barcode | Date last seen | Date last checked out | Copy number | Price effective from | Koha item type |
|---|---|---|---|---|---|---|---|---|---|---|---|---|---|---|---|---|---|
| Dewey Decimal Classification | Biblioteca Pública José María del Castillo y Rada | Biblioteca Pública José María del Castillo y Rada | General Stacks | 04/15/2018 | Donación | 1 | 658.787 / S817g | 430000734 | 07/08/2025 | 07/07/2025 | Ej.1 | 03/10/2021 | Books |